ბათუმის შოთა რუსთაველის სახელმწიფო უნივერსიტეტის ბიბლიოთეკა

Mergers in modern business. (ბიბ.ჩანაწერი № 47096)

000 -LEADER
fixed length control field 00537nam a2200217Ia 4500
001 - CONTROL NUMBER
control field 13953
003 - CONTROL NUMBER IDENTIFIER
control field GE_BSU
008 - FIXED-LENGTH DATA ELEMENTS--GENERAL INFORMATION
fixed length control field 181216s||||||||xx |||||||||||||| ||und||
020 ## - INTERNATIONAL STANDARD BOOK NUMBER
International Standard Book Number 091030102
040 ## - CATALOGING SOURCE
Transcribing agency GE_BSU
080 ## - UNIVERSAL DECIMAL CLASSIFICATION NUMBER
Universal Decimal Classification number 338.22
100 ## - MAIN ENTRY--PERSONAL NAME
Personal name Stacey,A.H.Nicholas.
245 ## - TITLE STATEMENT
Title Mergers in modern business.
245 ## - TITLE STATEMENT
Statement of responsibility, etc. Managing director Chesham Amalgamations & investments Ltd.
260 ## - PUBLICATION, DISTRIBUTION, ETC.
Place of publication, distribution, etc. London.
260 ## - PUBLICATION, DISTRIBUTION, ETC.
Name of publisher, distributor, etc. Hutchinson.
260 ## - PUBLICATION, DISTRIBUTION, ETC.
Date of publication, distribution, etc. 1966.
300 ## - PHYSICAL DESCRIPTION
Extent 170p;21cm.
653 ## - INDEX TERM--UNCONTROLLED
Uncontrolled term Mergers in modern business.
942 ## - ADDED ENTRY ELEMENTS (KOHA)
Koha item type წიგნი
ეგზემპლარები
Withdrawn status Lost status Damaged status Not for loan Date acquired Barcode Date last seen Price effective from Koha item type
        2018-12-17 36858 2018-12-17 2018-12-17 წიგნი